[Event "Moron op"]
[Site "Moron"]
[Date "1981.??.??"]
[Round "?"]
[White "Ljubojevic, Ljubomir"]
[Black "Morgado, Juan Sebastian"]
[Result "1-0"]
[WhiteElo "2605"]
[BlackElo "2305"]

1.c4 e6 2.Nf3 d5 3.g3 Nf6 4.Bg2 Be7 5.O-O O-O 6.d4 c5 7.cxd5 exd5 8.Nc3 Nc6
9.Bg5 cxd4 10.Nxd4 h6 11.Bf4 Bf5 12.Nb3 Bd6 13.Nxd5 Nxd5 14.Bxd6 Qxd6 15.Qxd5 Qf6
16.Qd2 Rad8 17.Qc3 Qxc3 18.bxc3 Bg4 19.Bxc6 bxc6 20.f3 Be6 21.Rfd1 Bxb3 22.Rxd8 Rxd8
23.axb3 Rd2 24.Kf2 Rb2 25.Ra3 Rb1 26.c4 Rh1 27.h4 Rh2+ 28.Kf1 Rh1+ 29.Kg2 Re1
30.Kf2  1-0

[Event "Ed.Lasker mem"]
[Site "New York"]
[Date "1981.??.??"]
[Round "5"]
[White "Watson, John L"]
[Black "Iskov, Gert"]
[Result "0-1"]
[WhiteElo "2430"]
[BlackElo "2395"]

1.c4 e6 2.Nf3 d5 3.b3 Nf6 4.g3 Be7 5.Bg2 O-O 6.O-O b6 7.Bb2 Bb7 8.e3 c5 9.Qe2 Nc6
10.d3 dxc4 11.bxc4 Qc7 12.Nc3 Rac8 13.Rad1 Na5 14.Rfe1 Rfd8 15.e4 Nd7 16.e5 Bxf3
17.Bxf3 Nc6 18.Nd5 exd5 19.e6 Nf6 20.exf7+ Kf8 21.g4 h6 22.h4 Qf4 23.cxd5 Nxd5
24.Bxd5 Rxd5 25.Qe6 Rdd8 26.Re4 Qxf7 27.Ree1 Qxe6 28.Rxe6 Bxh4  0-1

[Event "Ed.Lasker mem"]
[Site "New York"]
[Date "1981.??.??"]
[Round "11"]
[White "Watson, John L"]
[Black "Kuligowski, Adam"]
[Result "1/2-1/2"]
[WhiteElo "2430"]
[BlackElo "2450"]

1.c4 e6 2.Nf3 d5 3.b3 Nf6 4.g3 c5 5.Bg2 Nc6 6.e3 Be7 7.O-O O-O 8.Bb2 a6 9.Qe2 b5
10.d3 Bb7 11.Rd1 Qb6 12.Nbd2 Rad8 13.Rac1 d4 14.exd4 cxd4 15.Ng5 Rfe8 16.f4 h6  1/2-1/2

[Event "BUL-ch"]
[Site "Sofia"]
[Date "1981.??.??"]
[Round "10"]
[White "Popov, Luben"]
[Black "Lukov, Valentin"]
[Result "1/2-1/2"]
[WhiteElo "2445"]
[BlackElo "2395"]

1.c4 e6 2.Nf3 d5 3.b3 Nf6 4.Bb2 Be7 5.g3 O-O 6.Bg2 b6 7.O-O Bb7 8.cxd5 Nxd5
9.d4 c5 10.dxc5 Bxc5 11.Nbd2 Nc6 12.a3 Rc8 13.b4 Be7 14.e4 Nf6 15.Rc1 a5
16.b5 Nb8 17.e5 Nd5 18.Nc4 Nd7 19.h4 Nc5 20.Qe2 Nb3  1/2-1/2

[Event "FRG-ch"]
[Site "Bad Neuenahr"]
[Date "1982.??.??"]
[Round "?"]
[White "Borik, Otto"]
[Black "Saacke, Bernd"]
[Result "1-0"]
[WhiteElo "2360"]
[BlackElo "2380"]

1.c4 e6 2.Nf3 d5 3.b3 Nf6 4.Bb2 Be7 5.g3 O-O 6.Bg2 c5 7.O-O Nc6 8.e3 b6 9.Nc3 dxc4
10.bxc4 Bb7 11.Qe2 Qc7 12.d3 a6 13.Rab1 Rab8 14.Ne1 Na5 15.f4 Bxg2 16.Nxg2 b5
17.cxb5 axb5 18.f5 exf5 19.Rxf5 Qd7 20.e4 c4 21.Nd5 Qa7+ 22.Qe3 Qxe3+ 23.Ngxe3 Nxd5
24.Nxd5 Nc6 25.Rc1 Bc5+ 26.Kg2 Ra8 27.a4 Nd4 28.Bxd4 Bxd4 29.axb5 cxd3 30.Rd1 Ra2+
31.Kh3 Re8 32.Rf3 h5 33.Rfxd3 Be5 34.R3d2 Ra3 35.Rf2 Ra4 36.Re2 Bb8 37.b6 f5
38.Nc7 Bxc7 39.bxc7 Rc4 40.Rd8 Kf7 41.Rf2 g6  1-0

[Event "Elekes mem-B"]
[Site "Budapest"]
[Date "1982.??.??"]
[Round "?"]
[White "Boensch, Uwe"]
[Black "Paoli, Enrico"]
[Result "1-0"]
[WhiteElo "2410"]
[BlackElo "2220"]

1.c4 e6 2.Nf3 d5 3.d4 Nf6 4.Bg5 h6 5.Bh4 c5 6.cxd5 exd5 7.Nc3 cxd4 8.Bxf6 Qxf6
9.Qxd4 Qxd4 10.Nxd4 Be6 11.e4 Bb4 12.Bb5+ Ke7 13.Nxe6 Bxc3+ 14.bxc3 Kxe6
15.exd5+ Kxd5 16.O-O-O+ Kc5 17.Ba4 Kb6 18.Rhe1 Rc8 19.Kc2 Nc6 20.Rd7 Nd8
21.Rb1+ Ka6 22.Bb5+ Kb6 23.Be2+ Kc6 24.Rbd1 Kb6 25.Bf3 Rab8 26.Rb1+ Ka6 27.Be2+ b5
28.a4  1-0

[Event "Politiken Cup"]
[Site "Copenhagen"]
[Date "1982.??.??"]
[Round "8"]
[White "Welin, Thomas"]
[Black "Jensen, Allan"]
[Result "1-0"]
[WhiteElo "2330"]
[BlackElo "2245"]

1.c4 e6 2.Nf3 d5 3.d4 c5 4.cxd5 exd5 5.g3 Nc6 6.Bg2 Nf6 7.O-O Be7 8.Nc3 O-O
9.dxc5 d4 10.Na4 Bf5 11.Bf4 Be4 12.Rc1 Qd5 13.Qb3 Qh5 14.h3 Nd5 15.Bd6 Rfe8
16.Qxb7 Ndb4 17.Bxe7 Rab8 18.Qd7 Rxe7 19.Qg4 Qd5 20.a3 Na6 21.b4 f5 22.Qh4 h6
23.Nb2 Nc7 24.Nc4 Ne6 25.Nce5 g5 26.Nxc6 Rh7 27.Qxh6 Qxc6 28.Qg6+ Rg7 29.Nxd4 Nxd4
30.Qxc6 Bxc6 31.Bxc6 Nxc6 32.Rfd1 a5 33.Rd6 Rc7 34.bxa5 Nxa5 35.Rd5 Rf8 36.g4 fxg4
37.hxg4 Kh7 38.Rxg5 Nb3 39.Rc3 Nd4 40.Rh3+  1-0

[Event "CUB-ch"]
[Site "?"]
[Date "1982.??.??"]
[Round "8"]
[White "Ortega, Lexy"]
[Black "Diaz, Joaquin C"]
[Result "1-0"]
[WhiteElo "2370"]
[BlackElo "2360"]

1.c4 e6 2.Nf3 d5 3.e3 Nf6 4.b3 Be7 5.Bb2 O-O 6.Be2 Nbd7 7.O-O b6 8.d3 Bb7
9.Nbd2 Re8 10.Qc2 c5 11.Rac1 Rc8 12.Qb1 Bf8 13.Qa1 Qe7 14.Ne5 Nxe5 15.Bxe5 Nd7
16.Bc3 e5 17.cxd5 Bxd5 18.e4 Be6 19.Bxe5 Bxb3 20.Bc3 Ba4 21.Nc4 Bc6 22.Ne3 g6
23.a4 f6 24.Bd1 Bh6 25.Bb3+ Kh8 26.f4 Bg7 27.Rce1 Qd6 28.Nc4 Qe7 29.Qb2 b5
30.axb5 Bxb5 31.e5 fxe5 32.Rxe5 Nxe5 33.Nxe5 c4 34.dxc4 Bd7 35.Re1 Be6 36.Ba4 Rb8
37.Qa1 Rec8 38.Nc6 Rxc6 39.Bxc6 Qc5+ 40.Kh1 Bxc3 41.Qxc3+ Kg8 42.f5 Qxc6
43.fxe6 a5 44.Qe5 Re8 45.c5 a4 46.Qd6 Qb5 47.e7 a3 48.Qe6+ Kg7 49.Qe5+ Kg8
50.Qe6+ Kg7 51.Qe5+ Kg8 52.h3 a2 53.Qe6+ Kg7 54.Qe5+ Kg8 55.Qd5+ Kg7 56.Qd4+ Kg8
57.Qd5+ Kg7 58.Qe5+ Kg8 59.Kh2 Qd7 60.Qd6 Qf5 61.c6 Kf7 62.Qd1 Qc5 63.Qb3+ Kg7
64.Qb2+ Kh6 65.Qxa2 Qxc6 66.Qf7 Qd6+ 67.Kh1 Qb4 68.Re2 Qb8 69.Rf2 Rc8 70.Qf8+ Kg5
71.Qf6+ Kh6 72.Qf8+ Kg5 73.g3 Re8 74.h4+ Kh5 75.Rf5+  1-0

[Event "New Delhi"]
[Site "Delhi"]
[Date "1982.??.??"]
[Round "7"]
[White "Koshy, Varugeese"]
[Black "Parameswaran, Tiruchi N"]
[Result "1/2-1/2"]
[WhiteElo "2380"]
[BlackElo "2390"]

1.c4 e6 2.Nf3 d5 3.g3 Nf6 4.Bg2 Be7 5.O-O O-O 6.d4 dxc4 7.Qc2 a6 8.a4 c5
9.dxc5 Bxc5 10.Nbd2 Nc6 11.Nxc4 Nb4 12.Qb3 Qe7 13.Bd2 Nbd5 14.Nfe5 Nd7 15.Nd3 Rd8
16.e4 Nc7 17.Ba5 b6 18.Nxc5 bxa5 19.Nxd7 Bxd7 20.Nxa5 Rab8 21.Qc3 Rdc8 22.Rfc1 Ne8
23.Qd2 Rxc1+ 24.Rxc1 Bxa4 25.e5 Qb4 26.Qxb4 Rxb4 27.Nc4 Kf8 28.Bf1 Bb5 29.Nd6 Bxf1
30.Kxf1 Ke7 31.Nxe8 Kxe8 32.Rc8+ Ke7 33.Rc7+ Ke8 34.Rc8+ Ke7  1/2-1/2

[Event "Eksjo"]
[Site "Eksjo"]
[Date "1982.??.??"]
[Round "1"]
[White "Schneider, Lars Ake"]
[Black "Lengyel, Levente"]
[Result "1/2-1/2"]
[WhiteElo "2435"]
[BlackElo "2420"]

1.c4 e6 2.Nf3 d5 3.d4 Nf6 4.Nc3 Be7 5.cxd5 exd5 6.Bg5 c6 7.e3 Bf5 8.Bd3 Bxd3
9.Bxf6 Bxf6 10.Qxd3 a5 11.O-O O-O 12.a3 Be7 13.Rfe1 Nd7 14.Rad1 Nf6 15.Ne5 Bd6
16.Qf5 Re8 17.e4 Qc8 18.Qf4 Qe6 19.exd5 Nxd5 20.Qf3 Nxc3 21.Qxc3 Qd5 22.Nc4 Bc7
23.Ne3 Qh5 24.g3 a4 25.Nc4 h6 26.Rxe8+ Rxe8 27.Re1 Re2 28.Rxe2 Qxe2 29.Ne3 Bd8
30.Qb4 Bg5 31.Qxb7 Bxe3 32.Qc8+ Kh7 33.Qf5+ Kg8 34.Qc8+  1/2-1/2

[Event "Gausdal Young Men"]
[Site "Gausdal"]
[Date "1982.??.??"]
[Round "1"]
[White "Bergstrom, Christer"]
[Black "Dlugy, Maxim"]
[Result "0-1"]
[WhiteElo "2360"]
[BlackElo "2325"]

1.c4 e6 2.Nf3 d5 3.b3 Nf6 4.Bb2 Be7 5.g3 O-O 6.Bg2 c5 7.cxd5 Nxd5 8.O-O Bf6
9.Qc1 Nc6 10.Nc3 Nxc3 11.dxc3 Qc7 12.Rd1 b6 13.Ng5 Bb7 14.h4 h6 15.Ne4 Be7
16.c4 f5 17.Nd2 e5 18.Bd5+ Kh8 19.Nf3 Bf6 20.h5 Nd4 21.Nxd4 exd4 22.Bxb7 Qxb7
23.Qf4 Rae8 24.Re1 Bg5 25.Qf3 Re4 26.Rad1 Qe7 27.Kg2 Re8 28.Kf1 Qe6 29.Bc1 Bxc1
30.Rxc1 d3 31.Qxd3 f4 32.Rcd1 Qh3+ 33.Kg1 fxg3  0-1

[Event "URS-ch sf"]
[Site "Ivano Frankovsk"]
[Date "1982.??.??"]
[Round "?"]
[White "Makarichev, Sergey"]
[Black "Smagin, Sergey"]
[Result "1/2-1/2"]
[WhiteElo "2505"]
[BlackElo "2270"]

1.c4 e6 2.Nf3 d5 3.b3 c5 4.Bb2 Nc6 5.cxd5 exd5 6.e3 Nf6 7.Be2 d4 8.Bb5 dxe3
9.dxe3 Qxd1+ 10.Kxd1 Bd7 11.Nc3 Be7 12.Rc1 O-O 13.Ke2 a6 14.Bd3 Nb4 15.Bb1 Rac8
16.Rhd1 Rfd8 17.Ne5 Be6 18.Rxd8+ Rxd8 19.Na4 Nd7 20.Nxd7 Bxd7 21.Nxc5 Bb5+
22.Ke1 Bxc5 23.Rxc5 Bd3 24.a3 Bxb1 25.axb4 h6 26.b5 axb5 27.Rxb5 Be4 28.f3 Bc6
29.Rb4 f6 30.e4 b5 31.Ke2 Kf7 32.g4 h5 33.gxh5 Rh8 34.Bc1 Rxh5 35.Bf4 Rc5
36.Rd4 Rc3 37.b4 Rb3 38.Rd6 Be8 39.Bd2 Ke7 40.Rd5 Bf7  1/2-1/2

[Event "Jarvenpaa"]
[Site "Jarvenpaa"]
[Date "1982.??.??"]
[Round "1"]
[White "Binham, Timothy F"]
[Black "Hurme, Harri M"]
[Result "0-1"]
[WhiteElo "2345"]
[BlackElo "2345"]

1.c4 e6 2.Nf3 d5 3.g3 c6 4.b3 Nf6 5.Bg2 b5 6.O-O Be7 7.Bb2 O-O 8.d3 Nbd7
9.Nbd2 a5 10.Rc1 bxc4 11.bxc4 a4 12.Qc2 Qa5 13.Rb1 Qa7 14.Rfc1 Re8 15.cxd5 cxd5
16.Bd4 Qa5 17.Ne5 Nxe5 18.Bxe5 Bd7 19.Nf3 Rec8 20.Qb2 a3 21.Qb7 Qa4 22.h3 Bf8
23.Nd4 Ne8 24.Nb3 f6 25.Ba1 Rcb8  0-1

[Event "Luzern ol (Men)"]
[Site "Luzern"]
[Date "1982.??.??"]
[Round "2"]
[White "Sunye Neto, Jaime"]
[Black "Passerotti, Pierluigi"]
[Result "1-0"]
[WhiteElo "2500"]
[BlackElo "2335"]

1.c4 e6 2.Nf3 d5 3.g3 dxc4 4.Bg2 Nd7 5.Na3 Nb6 6.Qc2 Qd5 7.b3 cxb3 8.axb3 c6
9.O-O Nf6 10.Nc4 Qd8 11.Nxb6 Qxb6 12.Bb2 Qd8 13.Ra4 Be7 14.Rfa1 a6 15.Rd4 Bd7
16.Ne5 Qc7 17.Rh4 Rd8 18.Nc4 Bc8 19.Be5 Qd7 20.Nb6 Qxd2 21.Qxd2 Rxd2 22.Nxc8 Rxe2
23.Bd4 Rd2 24.Nxe7 Kxe7 25.Bc5+ Kd7 26.Rb4 Kc7 27.Be3 Rc2 28.Bf4+ Kc8 29.Rxa6 bxa6
30.Rb8+ Kd7 31.Rxh8 Rb2 32.Rb8 Nd5 33.Bxd5 exd5 34.Rb7+ Ke6 35.Rb6 Kd7 36.Rb7+ Ke6
37.Rc7 g5 38.Bxg5 Kd6 39.Rb7 a5 40.Be7+ Ke6 41.Bc5 a4  1-0

[Event "Luzern ol (Men)"]
[Site "Luzern"]
[Date "1982.??.??"]
[Round "9"]
[White "Sisniega, Marcel"]
[Black "Jigjidsuren, Purev"]
[Result "1-0"]
[WhiteElo "2420"]
[BlackElo "2290"]

1.c4 e6 2.Nf3 d5 3.b3 c5 4.g3 Nc6 5.Bg2 d4 6.O-O e5 7.d3 Be7 8.b4 cxb4 9.a3 bxa3
10.Qa4 Kf8 11.Bxa3 g6 12.Nbd2 Kg7 13.Rfb1 Bxa3 14.Qxa3 Nge7 15.Ne4 Qc7 16.Nd6 Rd8
17.c5 h6 18.Qb3 Rxd6 19.cxd6 Qxd6 20.Nd2 Qd8 21.Nc4 Rb8 22.f4 Be6 23.Qb5 exf4
24.Ne5 Bd5 25.Bxd5 Nxe5 26.Bg2 Qd6 27.gxf4 N5c6 28.f5 gxf5 29.Kh1 Ne5 30.Qb4 Qd8
31.Qc5 N7g6 32.Ra4 b5 33.Rxd4 Qg5 34.Rf1 Rb6 35.Rd5 Re6 36.Qd4 Kh7 37.Rxb5 Nh4
38.Bh3 Neg6 39.Qxa7 Re7 40.Qf2 Qf6 41.Rb6 Qe5 42.Bxf5 Nxf5 43.Qxf5 Qxf5 44.Rxf5 Kg7
45.Rf2 h5 46.Kg2 h4 47.Rbf6 Ne5 48.R6f4 Ng6 49.Rf5 Rd7 50.R2f3 Ra7 51.Kh3 Re7
52.e4 Ne5 53.Re3 f6 54.Kxh4 Kf7 55.d4 Nc4 56.Re2 Nd6 57.Rf4 Re6 58.Kg3  1-0

[Event "Mar del Plata"]
[Site "Mar del Plata"]
[Date "1982.??.??"]
[Round "?"]
[White "Giardelli, Sergio C"]
[Black "Garcia Palermo, Carlos"]
[Result "1/2-1/2"]
[WhiteElo "2460"]
[BlackElo "2470"]

1.c4 e6 2.Nf3 d5 3.g3 Nf6 4.b3 c5 5.Bg2 Nc6 6.O-O Be7 7.e3 O-O 8.Qe2 Qa5
9.Bb2 Rd8 10.d3 Bd7 11.Nc3 Be8 12.Rfd1 Rac8 13.h3 a6 14.cxd5 exd5 15.e4 d4  1/2-1/2

[Event "Marbella zt-A"]
[Site "Marbella"]
[Date "1982.??.??"]
[Round "3"]
[White "McNab, Colin Anderson"]
[Black "Doyle, Anthony"]
[Result "1-0"]
[WhiteElo "2340"]
[BlackElo "2235"]

1.c4 e6 2.Nf3 d5 3.g3 c5 4.Bg2 Nf6 5.O-O Be7 6.b3 O-O 7.e3 Nc6 8.Bb2 b6 9.d3 Bb7
10.Qe2 Qc7 11.Rd1 Rad8 12.Nc3 Rfe8 13.Rac1 Qb8 14.h4 Qa8 15.Nb5 Qb8 16.Ba1 Ba8
17.Nc3 Bb7 18.Na4 Qa8 19.cxd5 exd5 20.d4 Ne4 21.dxc5 bxc5 22.Nd2 Nxd2 23.Rxd2 d4
24.e4 Nb4 25.Qg4 Na6 26.Bf1 Bf8 27.Re1 Nc7 28.Bd3 Qc8 29.Qxc8 Rxc8 30.f3 c4
31.Bxc4 Bb4 32.Red1 Bxd2 33.Rxd2 Ne6 34.Bxd4 Nxd4 35.Rxd4 Red8 36.Rxd8+ Rxd8
37.Nc5 Bc6 38.Nd3 Kf8 39.Kf2 Ke7 40.Ke3 f6 41.b4 Be8 42.a3 Bf7 43.Bb5 Rd6
44.Ba4 a5 45.bxa5 Kd8 46.Nb4 Ke7 47.f4 Bc4 48.Bc2 h6 49.e5 fxe5 50.fxe5 Rd8
51.Ke4 Rd2 52.Kf4 Rf2+ 53.Ke3 Rg2 54.Kd4 Be6 55.Kc5 Rxg3 56.Kb6 Bc8 57.a6 Bxa6
58.Nxa6  1-0

[Event "Sarajevo"]
[Site "Sarajevo"]
[Date "1982.??.??"]
[Round "?"]
[White "Cekro, Ekrem"]
[Black "Marjanovic, Slavoljub"]
[Result "0-1"]
[WhiteElo "2330"]
[BlackElo "2515"]

1.c4 e6 2.Nf3 d5 3.b3 Nf6 4.g3 c5 5.Bg2 Nc6 6.O-O Be7 7.cxd5 exd5 8.d4 Ne4
9.Bb2 Bf6 10.Na3 O-O 11.e3 Bg4 12.h3 Bxf3 13.Bxf3 Re8 14.Nc2 Qa5 15.Qe1 Nd2
16.Bxd5 cxd4 17.b4 Qxd5 18.Qxd2 Rad8 19.Bxd4 Ne5 20.Ne1 Nc4 21.Qc3 Bxd4 22.exd4 Rc8
23.Qd3 Rc6 24.Nf3 Rh6 25.Rfe1 Rd8 26.Qe4 Rf6 27.Rac1 b5 28.Qxd5 Rxd5 29.Kg2 g6
30.Re2 Kg7 31.a4 a6 32.axb5 axb5 33.Ra1 g5 34.Ra7 Rdf5 35.Ne5 Nxe5 36.g4 Nc6  0-1

[Event "Smederevska Palanka"]
[Site "Smederevska Palanka"]
[Date "1982.??.??"]
[Round "6"]
[White "Smejkal, Jan"]
[Black "Radulov, Ivan"]
[Result "1-0"]
[WhiteElo "2570"]
[BlackElo "2505"]

1.c4 e6 2.Nf3 d5 3.d4 Nf6 4.g3 dxc4 5.Bg2 c5 6.O-O Nc6 7.Qa4 Bd7 8.Qxc4 b5
9.Qd3 Rc8 10.dxc5 Bxc5 11.Nc3 O-O 12.Bg5 Nb4 13.Bxf6 gxf6 14.Qe4 f5 15.Qf4 Bc6
16.Rad1 Qe7 17.Ne5 Be8 18.e4 f6 19.Nf3 fxe4 20.Nxe4 Nd5 21.Qg4+ Kh8 22.Nxc5 Rxc5
23.Nd4 Bd7 24.Rfe1 e5 25.Nf5 Bxf5 26.Qxf5 Nb6 27.Be4 Rc7 28.b3 Nc8 29.Re3 Nd6
30.Qxh7+ Qxh7 31.Bxh7 Kxh7 32.Rxd6 Rff7 33.Ra6 Rc2 34.Kg2 Kg7 35.h4 Rd7 36.Rf3 e4
37.Rfxf6 e3 38.h5 e2 39.h6+ Kg8 40.Rfe6  1-0

[Event "Smederevska Palanka"]
[Site "Smederevska Palanka"]
[Date "1982.??.??"]
[Round "13"]
[White "Martinovic, Slobodan"]
[Black "Radulov, Ivan"]
[Result "0-1"]
[WhiteElo "2460"]
[BlackElo "2505"]

1.c4 e6 2.Nf3 d5 3.b3 Nf6 4.Bb2 Be7 5.g3 O-O 6.Bg2 c6 7.O-O b6 8.e3 Bb7 9.Qe2 c5
10.Rd1 Nc6 11.Nc3 d4 12.Nb1 d3 13.Qf1 Qd7 14.Nc3 Rad8 15.Ne1 Na5 16.f4 a6
17.Nf3 Bxf3 18.Qxf3 b5 19.cxb5 axb5 20.Rab1 Nd5 21.Nxd5 exd5 22.b4 cxb4 23.Bf1 Qf5
24.g4 Qe4 25.Qxe4 dxe4 26.Bg2 Rfe8 27.Bxe4 Bc5 28.Bf3 Nc4 29.Kf1 Re6 30.Bc1 Ra6
31.Be4 Rxa2 32.Rb3 Bxe3 33.Rxd3 Rxd3 34.Bxd3 Bxf4 35.h3 b3 36.Re1 g5 37.Re8+ Kg7  0-1

[Event "Bayern-ch"]
[Site "Tirschenreuth"]
[Date "1982.??.??"]
[Round "?"]
[White "Kestler, Hans Guenther"]
[Black "Keller, Manfred"]
[Result "1/2-1/2"]
[WhiteElo "2395"]
[BlackElo "2240"]

1.c4 e6 2.Nf3 d5 3.g3 Nf6 4.Bg2 c5 5.cxd5 Nxd5 6.O-O Be7 7.d4 Nc6 8.dxc5 Bxc5
9.a3 O-O 10.Qc2 Qe7 11.Nbd2 Bd7 12.b4 Bd4 13.Bb2 Bxb2 14.Qxb2 Qf6 15.Qxf6 gxf6
16.Ne4 Nce7 17.Nc5 Bc6 18.Nd4 Rfc8 19.Rfc1 b6 20.Nd3 Bd7 21.Nf4 Nxf4 22.gxf4 Rxc1+
23.Rxc1 Rc8 24.Rxc8+ Nxc8 25.e3 Kf8 26.Be4 h6  1/2-1/2

[Event "Yerevan"]
[Site "Yerevan"]
[Date "1982.??.??"]
[Round "3"]
[White "Grigorian, Karen Ashotovich"]
[Black "Petrosian, Arshak B"]
[Result "1/2-1/2"]
[WhiteElo "2415"]
[BlackElo "2485"]

1.c4 e6 2.Nf3 d5 3.b3 Be7 4.Bb2 Bf6 5.Nc3 dxc4 6.bxc4 c5 7.Qc1 b6 8.e3 Nc6
9.Be2 Nge7 10.O-O Nf5 11.Rd1 O-O 12.Ne4 Bxb2 13.Qxb2 Qe7 14.d4 cxd4 15.exd4 Bb7
16.Nc3 Rfd8 17.d5 exd5 18.Nxd5 Qf8 19.Bd3 Nce7 20.Bxf5 Nxf5 21.Qe5 Bxd5 22.cxd5 g6
23.Qc7 Qd6 24.Qb7 Qd7 25.Qxd7 Rxd7 26.Ne5 Rd6 27.Nc4 Rd7 28.Ne5 Rd6  1/2-1/2

[Event "Athens"]
[Site "Athens"]
[Date "1983.??.??"]
[Round "?"]
[White "Cebalo, Miso"]
[Black "Sveshnikov, Evgeny"]
[Result "1/2-1/2"]
[WhiteElo "2460"]
[BlackElo "2505"]

1.c4 e6 2.Nf3 d5 3.d4 Nf6 4.g3 dxc4 5.Bg2 a6 6.O-O b5 7.Ne5 c6 8.Nxc6 Qb6
9.Ne5 Bb7 10.a4 Bxg2 11.Kxg2 Qb7+ 12.Kg1 Nbd7 13.axb5 axb5 14.Rxa8+ Qxa8
15.Nxd7 Nxd7 16.Bf4 Bb4 17.Nc3 Bxc3 18.bxc3 O-O 19.Bd6 Rc8 20.f3 Rc6 21.Be7 Ra6
22.Bb4  1/2-1/2

[Event "Bayamo"]
[Site "Bayamo"]
[Date "1983.??.??"]
[Round "?"]
[White "Sisniega, Marcel"]
[Black "Garcia, Gildardo"]
[Result "1/2-1/2"]
[WhiteElo "2455"]
[BlackElo "2415"]

1.c4 e6 2.Nf3 d5 3.g3 Nf6 4.Bg2 dxc4 5.Qa4+ Nbd7 6.Qxc4 c5 7.d4 a6 8.Qc2 b6
9.O-O Bb7 10.Rd1 Be4 11.Qd2 cxd4 12.Nxd4 Bxg2 13.Kxg2 Qc7 14.Qd3  1/2-1/2

[Event "Bratislava"]
[Site "Bratislava"]
[Date "1983.??.??"]
[Round "4"]
[White "Pribyl, Josef"]
[Black "Vera, Reynaldo"]
[Result "1-0"]
[WhiteElo "2450"]
[BlackElo "2450"]

1.c4 e6 2.Nf3 d5 3.b3 c5 4.Bb2 Nf6 5.g3 Nc6 6.Bg2 Be7 7.O-O O-O 8.e3 b6 9.Nc3 Bb7
10.cxd5 exd5 11.d4 Qd7 12.Rc1 Rac8 13.Qd3 c4 14.bxc4 Ba6 15.Rfd1 Bxc4 16.Qb1 Qe6
17.Ng5 Qd6 18.e4 dxe4 19.Ncxe4 Nxe4 20.Nxe4 Qb4 21.d5 Na5 22.d6 Bd8 23.Qa1 f6
24.Bc3 Qa4 25.Bxa5 bxa5 26.d7 Rc7 27.Nc3 Qa3 28.Nd5 Bxd5 29.Bxd5+ Kh8 30.Rxc7 Bxc7
31.Qc1 Qxc1 32.Rxc1 Bb6 33.Rc8 Rd8 34.g4 g6 35.Be6 Kg7 36.Kg2 Kf8 37.f4 Ke7
38.f5 g5 39.Kf3 h6 40.a4 Rf8 41.Ke4 Rd8 42.Kd5 Rf8 43.Rc2 Rd8 44.Re2 Bc7
45.Kc6 Be5 46.h3 Rf8 47.Rxe5 fxe5 48.Kc7 e4 49.Bc4 e3 50.Be2 Rh8 51.f6+ Kxf6
52.d8=Q+ Rxd8 53.Kxd8 Ke5 54.Ke7 Kd4 55.Kf6 Kc3 56.Kg6 Kb4 57.Bd1 e2 58.Bxe2 Kxa4
59.Kxh6 Kb4 60.Bf3  1-0

[Event "Bratislava"]
[Site "Bratislava"]
[Date "1983.??.??"]
[Round "13"]
[White "Smejkal, Jan"]
[Black "Vera, Reynaldo"]
[Result "1-0"]
[WhiteElo "2560"]
[BlackElo "2450"]

1.c4 e6 2.Nf3 d5 3.d4 c6 4.Qc2 Nf6 5.g3 b5 6.c5 Nbd7 7.Bg2 Ne4 8.Nc3 Nxc3
9.bxc3 f5 10.a4 Ba6 11.axb5 Bxb5 12.Nd2 Qf6 13.Bb2 e5 14.dxe5 Qe6 15.Nf3 Bxc5
16.Nd4 Bxd4 17.cxd4 O-O 18.O-O a5 19.Ba3 Rf7 20.Rfc1 Nb6 21.Bc5 Nc4 22.Bh3 a4
23.Rcb1 h6 24.Rb4 Re8 25.e4 Nxe5 26.dxe5 Qxe5 27.Qb2 Qxb2 28.Rxb2 Rxe4 29.Bg2 Rc4
30.Bb6 Rb7 31.Rxb5 cxb5 32.Bxd5+ Rf7 33.Bxc4 bxc4 34.Rxa4 Rb7 35.Bd4 Rc7
36.Bc3 Kf7 37.Ra6  1-0

[Event "Gausdal Jubilee"]
[Site "Gausdal"]
[Date "1983.??.??"]
[Round "4"]
[White "Ogaard, Leif"]
[Black "Elseth, Roar"]
[Result "1-0"]
[WhiteElo "2475"]
[BlackElo "2250"]

1.c4 e6 2.Nf3 d5 3.g3 Nf6 4.Bg2 Be7 5.O-O O-O 6.b3 c5 7.e3 Nc6 8.Bb2 b6 9.Qe2 Bb7
10.Rd1 Qc7 11.Nc3 dxc4 12.bxc4 Rac8 13.d3 Rfd8 14.Ne1 Na5 15.f4 Bxg2 16.Qxg2 Rd7
17.g4 Qb7 18.Nf3 Rcd8 19.g5 Ne8 20.Qe2 Nc6 21.Rab1 Nd6 22.Ba1 Qc8 23.Rd2 Bf8
24.Nd1 Rb7 25.Nf2 a6 26.Rc1 Qb8 27.Ng4 Nf5 28.Nfe5 Nxe5 29.Nxe5 Qc8 30.a4 Bd6
31.Ng4 Qc6 32.Ra2 b5 33.axb5 axb5 34.cxb5 Qxb5 35.Rb2 Qd7 36.Rxb7 Qxb7 37.Qg2 Qb3
38.Qc2 Qxc2 39.Rxc2 Rb8 40.Kf2 Ra8 41.Be5 Bf8 42.e4 Nh4 43.Kg3 Ng6 44.Rc3 Rd8
45.h4 Be7 46.h5 Nxe5 47.Nxe5 Bd6 48.Ng4 Bf8 49.Kf3 Rb8 50.Rc2 Rb1 51.Ra2 Rb8
52.Ra7 Rd8 53.Ne5 f6 54.gxf6 gxf6 55.Nd7 Be7 56.Rc7 Ra8 57.h6 Ra3 58.e5 f5
59.Ke3 c4 60.Rxc4 Ra7 61.Nb6 Rb7 62.Nc8 Bf8 63.Rc6 Rb8 64.Nd6 Rd8 65.d4 Bxh6
66.Nxf5 Bxf4+ 67.Kxf4 exf5 68.Rc4 Rf8 69.d5 h5 70.e6  1-0

[Event "Havana-B"]
[Site "Havana"]
[Date "1983.??.??"]
[Round "5"]
[White "Ortega, Lexy"]
[Black "Braga, Fernando"]
[Result "1/2-1/2"]
[WhiteElo "2425"]
[BlackElo "2440"]

1.c4 e6 2.Nf3 d5 3.d4 dxc4 4.e3 Nf6 5.Bxc4 a6 6.a4 c5 7.Nc3 Nc6 8.O-O Qc7
9.Qe2 Be7 10.h3 O-O 11.dxc5 Bxc5 12.e4 Nd4  1/2-1/2

[Event "Havana"]
[Site "Havana"]
[Date "1983.??.??"]
[Round "9"]
[White "Sisniega, Marcel"]
[Black "Diaz, Joaquin C"]
[Result "1-0"]
[WhiteElo "2455"]
[BlackElo "2365"]

1.c4 e6 2.Nf3 d5 3.b3 Nf6 4.g3 Be7 5.Bg2 O-O 6.O-O Nbd7 7.Bb2 b6 8.e3 Bb7
9.Qe2 a5 10.Nc3 Ne4 11.d3 Nxc3 12.Bxc3 Bf6 13.Qb2 a4 14.cxd5 exd5 15.b4 a3
16.Qd2 Bxc3 17.Qxc3 c5 18.bxc5 bxc5 19.Rab1 Bc6 20.Rfc1 Qe7 21.Nd2 Qe6 22.Nb3 Rfc8
23.Nxc5 d4 24.Nxe6 dxc3 25.Bxc6 Rxc6 26.Nd4 Rc5 27.Rb3 Rac8 28.Kf1 Nf6 29.Nb5 c2
30.Nxa3 Nd5 31.Nc4  1-0

[Event "URS-ch sf"]
[Site "Minsk"]
[Date "1983.??.??"]
[Round "?"]
[White "Vyzmanavin, Alexey"]
[Black "Korzubov, Peter"]
[Result "1-0"]
[WhiteElo "2480"]
[BlackElo "2450"]

1.c4 e6 2.Nf3 d5 3.b3 Nf6 4.g3 b6 5.Bg2 Bb7 6.O-O Nbd7 7.Bb2 Be7 8.cxd5 exd5
9.d4 Ne4 10.Nc3 Nxc3 11.Bxc3 O-O 12.Ne1 Nf6 13.Nd3 Ne4 14.Bb2 Re8 15.Rc1 Bf6
16.Qc2 c6 17.Rfd1 Rc8 18.e3 Qe7 19.Nf4 Bg5 20.Bh3 Rcd8 21.Nd3 h5 22.Re1 h4
23.f3 Nd6 24.f4 Bh6 25.Ba3 hxg3 26.hxg3 Bc8 27.Qg2 g5 28.Ne5 gxf4 29.Rxc6 Bxh3
30.Qxh3 Qe6 31.Qxe6 Rxe6 32.Rxd6 Rdxd6 33.Bxd6 Rxd6 34.gxf4 Bg7 35.Rc1 Bxe5
36.fxe5 Rg6+ 37.Kf2 Rh6 38.Kg3 Rg6+ 39.Kf3 Rh6 40.Rc8+ Kg7 41.Rc7 a5 42.a4 Rh3+
43.Kf4 Rh4+ 44.Kg3 Rh8 45.Rc6 Rb8 46.Rd6 b5 47.Rxd5  1-0

[Event "URS-ch sf"]
[Site "Minsk"]
[Date "1983.??.??"]
[Round "?"]
[White "Vyzmanavin, Alexey"]
[Black "Ubilava, Elizbar"]
[Result "1/2-1/2"]
[WhiteElo "2480"]
[BlackElo "2445"]

1.c4 e6 2.Nf3 d5 3.b3 Nf6 4.g3 b6 5.Bg2 Bb7 6.O-O Be7 7.Bb2 O-O 8.e3 c5 9.Nc3 dxc4
10.bxc4 Nc6 11.Qe2 a6 12.Ne1 Rb8 13.f4 b5 14.cxb5 axb5 15.Nxb5 Ba6 16.a4 Na7
17.Be5 Rb6 18.Bxf6 Bxf6 19.Rb1 Nxb5 20.axb5 Rxb5 21.Rxb5 Qd7 22.Be4 Bxb5
23.Bd3 Bc6 24.Qh5 g6 25.Qxc5 Ra8 26.Qc2 Ra1 27.Be4 Bxe4 28.Qxe4 Qxd2 29.Ng2 Ra2
30.Qf3 Be7 31.Rf2 Qc1+ 32.Rf1 Qc3 33.g4 Bd6 34.h4 Ra5 35.Qe4 Kg7 36.Rd1 Ra1
37.Rxa1 Qxa1+ 38.Kf2 h6 39.Ne1 Qd1 40.Nf3 Be7 41.g5 hxg5 42.hxg5 Qa1 43.Qe5+  1/2-1/2

[Event "New York Kavkasian"]
[Site "New York"]
[Date "1983.??.??"]
[Round "?"]
[White "Henley, Ron W"]
[Black "Dlugy, Maxim"]
[Result "1/2-1/2"]
[WhiteElo "2525"]
[BlackElo "2455"]

1.c4 e6 2.Nf3 d5 3.b3 Nf6 4.g3 Be7 5.Bg2 c5 6.O-O Nc6 7.d3 O-O 8.e3 b6 9.Bb2 Bb7
10.Qe2 Rc8 11.a3 Rc7 12.Nbd2 Rd7 13.Rfd1 Qb8 14.cxd5 Nxd5 15.e4 Nc7 16.a4 Qd8
17.Nc4 Bf6 18.Nce5 Nxe5 19.Nxe5 Bxe5 20.Bxe5 f6 21.Bc3 Ba6 22.Bf1 e5 23.b4 Qe7
24.Bh3 Rd6 25.a5 Bc8  1/2-1/2

[Event "Nordic-tt"]
[Site "Oslo"]
[Date "1983.??.??"]
[Round "?"]
[White "Schneider, Lars Ake"]
[Black "Petursson, Margeir"]
[Result "1/2-1/2"]
[WhiteElo "2445"]
[BlackElo "2465"]

1.c4 e6 2.Nf3 d5 3.d4 c5 4.cxd5 exd5 5.g3 Nc6 6.Bg2 Nf6 7.O-O Be7 8.dxc5 Bxc5
9.Bg5 O-O 10.Nc3 d4 11.Ne4 Be7 12.Bxf6 Bxf6 13.Ne1 Be7 14.Nd3 Re8 15.Rc1 Qb6
16.Re1 Bf5 17.Nec5 Rac8 18.Qa4 Bg5 19.f4 Bxd3 20.exd3 Be7  1/2-1/2

[Event "Poznan"]
[Site "Poznan"]
[Date "1983.??.??"]
[Round "8"]
[White "Doda, Zbigniew"]
[Black "Jankovec, Ivan"]
[Result "1/2-1/2"]
[WhiteElo "2320"]
[BlackElo "2345"]

1.c4 e6 2.Nf3 d5 3.d4 Nf6 4.Nc3 Be7 5.Bg5 O-O 6.e3 Nbd7 7.Rc1 c6 8.cxd5 exd5
9.Bd3 Re8 10.Qc2 Nf8 11.O-O Ne4 12.Bxe7 Qxe7 13.a3 Bf5 14.Rfe1 Bg6 15.Bxe4 Bxe4
16.Nxe4 Qxe4 17.Qxe4 dxe4  1/2-1/2

[Event "Prague"]
[Site "Prague"]
[Date "1983.??.??"]
[Round "1"]
[White "Adamski, Jan"]
[Black "Kirov, Nino"]
[Result "1/2-1/2"]
[WhiteElo "2425"]
[BlackElo "2425"]

1.c4 e6 2.Nf3 d5 3.d4 c6 4.e3 Nf6 5.Bd3 dxc4 6.Bxc4 Nbd7 7.O-O Bd6 8.Nc3 O-O
9.e4 e5 10.Bg5 Qe7 11.d5 Nb6 12.Nd2 h6 13.Bh4 g5 14.Bg3 Kh7 15.dxc6 bxc6
16.Qe2 Bc5 17.Kh1 Bd4 18.Rac1 Nxc4 19.Nxc4 Ba6 20.b3  1/2-1/2